000 00447nam a2200169Ia 4500
008 230524s9999 xx 000 0 und d
082 _a621.38
_bFAU
100 _aLuces M.Faulkenberry
_925430
245 0 _aElectrical Power Distribution and Transmission
250 _aIST
260 _aNEW DELHI
_bPearson
_c2007
300 _aIX;569
500 _aQuantity Number: 1
650 _aElectrical
700 _a Walter Coffer
_925431
942 _cBK
999 _c37456
_d37456